000 01889nam a22003137a 4500
005 20081127112012.0
008 081127t xxu||||| |||| 00| 0 hin d
010 _aHIN-85264
020 _a8120004167
_c160.00
035 _aHN-57610
037 _bDBAD/PUB
040 _aDPL
_bHN
082 _a796.060954
100 _aपाण्डेय, लक्ष्मीकान्त
245 _aशारीरिक शिक्षा संगठन-प्रशासन :
_cलक्ष्मीकान्त पाण्डेय
_b(संशोधित एंव परिवर्तित संस्करण) /
246 _aShaaririka shikshaa sangathana-prashaasana=Organisation and administration of physical education
_bby Laxmikant Pandey
250 _a4था संशो. एंव परि.संस्क.
260 _aनई दिल्ली
_bमेट्रोलिटन बुक कम्पनी प्रा. लि.
_c2008
270 _a1, नेताजी सुभाष मार्ग
_bनई दिल्ली
_e110 002
300 _a238पृ.
_c21सेमी(सजिल्द)
650 _aखेल-कूद प्रशासन
_zभारत
650 _aSports adaministration
_zIndia
650 _aविद्यालय खेल-कूद
_xप्रबंधन
_zभारत
650 _aSchool sports
_xManagement
_zIndia
650 _aशारीरिक शिक्षा एवं प्रशिक्षण
_xप्रबंधन
_zभारत
650 _aPhysical education and training
_xManagement
_zIndia
942 _2ddc
_cHN
_h796.060954
_mपाण्डेय
999 _c19235
_d19235